[Event "61st ch-RUS HL w"]
[Site "Taganrog RUS"]
[Date "2011.06.15"]
[Round "1"]
[White "Ovod,E"]
[Black "Drozdova,D"]
[Result "1-0"]
[WhiteElo "2404"]
[BlackElo "2239"]
[EventDate "2011.06.15"]

1. d4 d5 2. c4 c6 3. Nf3 Nf6 4. e3 a6 5. Nc3 b5 6. c5 Bg4 7. Qb3 Bxf3 8.
gxf3 e5 9. a4 Nbd7 10. Qa3 Rc8 11. axb5 axb5 12. Bd2 g6 13. Nxb5 cxb5 14.
Bxb5 exd4 15. exd4 Bxc5 16. dxc5 O-O 17. O-O Nh5 18. b4 Ne5 19. f4 Ng4 20.
Qh3 Ngf6 21. f5 Ne4 22. Bh6 Qf6 23. Ra6 Qe5 24. Bxf8 Rxf8 25. Bd3 Nf4 26.
Qe3 Qxf5 27. Bxe4 dxe4 28. Ra2 Rd8 29. f3 Nh3+ 30. Kh1 Ng5 31. f4 Rd3 32.
Qc1 Ne6 33. c6 e3 34. c7 Qd5+ 35. Rg2 Nxc7 36. Qxc7 e2 37. Re1 Rd1 38. Qc8+
Kg7 39. Qc3+ f6 40. Kg1 Qe4 41. b5 Kh6 42. b6 Rd3 43. Qxf6 Qe3+ 44. Kh1 Qf3
45. Qg5+ Kg7 46. Qe7+ 1-0

[Event "61st ch-RUS HL w"]
[Site "Taganrog RUS"]
[Date "2011.06.15"]
[Round "1"]
[White "Fominykh,M"]
[Black "Zaiatz,E"]
[Result "0-1"]
[WhiteElo "2291"]
[BlackElo "2430"]
[EventDate "2011.06.15"]

1. d4 Nf6 2. c4 e6 3. g3 d5 4. Bg2 dxc4 5. Nf3 Nc6 6. Qa4 Bb4+ 7. Bd2 Nd5
8. Bxb4 Ndxb4 9. O-O Rb8 10. Na3 O-O 11. Qb5 b6 12. Qxc4 Ba6 13. Nb5 Qd5
14. Qxd5 exd5 15. a4 Na5 16. Ne5 c6 17. Nc7 Bc8 18. e3 f6 19. Nxc6 Naxc6
20. Nxd5 Be6 21. Nc7 Bc4 22. Rfc1 Na5 23. d5 Rf7 24. d6 Rd8 25. Rd1 Bb3 26.
Rd2 Nc4 27. Ne6 Rxd6 28. Rxd6 Nxd6 29. Nd4 Bd5 30. Bxd5 Nxd5 31. Rd1 Nb4
32. Ne6 Rd7 33. Rd4 Nc6 34. Rd5 Kf7 35. Nf4 g5 36. Ne2 Ke6 37. Rd1 Ne4 38.
Rc1 Nc5 39. Kf1 Rd2 40. b3 Rb2 41. h4 Rxb3 42. hxg5 fxg5 43. a5 Rb2 44.
axb6 axb6 45. f4 Kf5 46. Rc4 Kg4 47. fxg5+ Kxg5 48. Rh4 Ne5 49. Rxh7 Ne4
50. Re7 Kf6 51. Re8 Nc4 52. Nf4 Kf7 53. Rb8 Nxe3+ 54. Ke1 Ng5 55. Ne2 Nc4
56. Nd4 Ne6 57. Ne2 Nc5 58. Nf4 b5 59. g4 Kf6 60. Rc8 Ne4 61. Nd3 Rb1+ 62.
Ke2 Nc3+ 63. Kf2 Rd1 64. Nb4 Rd4 65. Rf8+ Kg7 66. Rf5 Nd6 67. Rg5+ Kf6 68.
Nc6 Rf4+ 69. Ke1 0-1

[Event "61st ch-RUS HL w"]
[Site "Taganrog RUS"]
[Date "2011.06.15"]
[Round "1"]
[White "Girya,O"]
[Black "Semenova,E"]
[Result "1-0"]
[WhiteElo "2394"]
[BlackElo "2188"]
[EventDate "2011.06.15"]

1. e4 e5 2. Nf3 Nc6 3. Nc3 Nf6 4. Bb5 Bb4 5. O-O O-O 6. d3 d6 7. Bg5 Bxc3
8. bxc3 Bd7 9. d4 h6 10. Bh4 a6 11. Bxc6 Bxc6 12. Re1 Qe7 13. Qd3 Kh8 14.
Rab1 b5 15. c4 bxc4 16. Qxc4 Bb5 17. Bxf6 Qxf6 18. Qxc7 Rac8 19. dxe5 dxe5
20. Qxe5 Qxe5 21. Nxe5 Rxc2 22. Ra1 Kg8 23. Ng4 Rd8 24. Ne3 Rb2 25. Red1
Rxd1+ 26. Nxd1 Rd2 27. Ne3 Re2 28. e5 Rd2 29. a3 Rd4 30. Rc1 Re4 31. Rc5
Ra4 32. Rc3 Re4 33. Rc5 Ra4 34. Rc3 Re4 35. Rc8+ Kh7 36. Rc7 Kg6 37. Re7
Ra4 38. g4 Rxa3 39. h4 Bd3 40. h5+ Kg5 41. Rxf7 Ra4 42. Rxg7+ Kh4 43. Kh2
Be4 44. f3 1-0

[Event "61st ch-RUS HL w"]
[Site "Taganrog RUS"]
[Date "2011.06.15"]
[Round "1"]
[White "Bezgodova,S"]
[Black "Vasilevich,I"]
[Result "0-1"]
[WhiteElo "2154"]
[BlackElo "2342"]
[EventDate "2011.06.15"]

1. e4 c5 2. Nf3 e6 3. d4 cxd4 4. Nxd4 a6 5. Be2 Nf6 6. Nc3 Qc7 7. O-O b5 8.
Bf3 b4 9. Nd5 exd5 10. exd5 d6 11. Re1+ Be7 12. Qe2 Ra7 13. a3 O-O 14. axb4
Re8 15. Be3 Rb7 16. b5 axb5 17. Nxb5 Qd8 18. c4 Nbd7 19. Ra8 Ne5 20. Rea1
Bf8 21. Na7 Qc7 22. Nc6 Nxf3+ 23. gxf3 Bd7 24. Rxe8 Bxe8 25. Na5 Rb8 26.
Bd4 Nh5 27. Bc3 Qd8 28. Kh1 Qh4 29. b4 Bd7 30. Bd2 Re8 31. Be3 Nf4 32. Qd1
Bh3 33. Qg1 Bg2+ 34. Qxg2 Nxg2 35. Kxg2 Qf6 36. Rd1 Qb2 37. c5 Qxb4 38. Nc6
Qb3 39. Rd2 Qc3 40. cxd6 Bxd6 41. Ra2 Qc4 42. Rd2 Qh4 43. h3 Rxe3 44. fxe3
Qg3+ 45. Kf1 Qxf3+ 0-1

[Event "61st ch-RUS HL w"]
[Site "Taganrog RUS"]
[Date "2011.06.15"]
[Round "1"]
[White "Belenkaya,D"]
[Black "Shadrina,T"]
[Result "1-0"]
[WhiteElo "2198"]
[BlackElo "2397"]
[EventDate "2011.06.15"]

1. d4 d5 2. Nf3 Nf6 3. c4 c6 4. cxd5 cxd5 5. Nc3 Nc6 6. Bf4 a6 7. e3 Bg4 8.
h3 Bh5 9. Qb3 Bxf3 10. gxf3 Ra7 11. Rc1 e6 12. Rg1 Nh5 13. Be5 Be7 14. Bd3
Nxe5 15. dxe5 O-O 16. Ne2 Ra8 17. Nd4 Rc8 18. Ke2 Bc5 19. Rg4 Bxd4 20. Rxc8
Qxc8 21. Rxd4 Qc7 22. f4 f6 23. Qc2 Qxc2+ 24. Bxc2 a5 25. Ra4 b6 26. b4 Ra8
27. Kd3 fxe5 28. fxe5 g5 29. Kd4 Ng7 30. Bd3 h5 31. bxa5 bxa5 32. Kc5 Rc8+
33. Kd6 Rf8 34. Rxa5 Rxf2 35. Ra8+ Kf7 36. Ra7+ Kg8 37. Bg6 Rf8 38. Ra4 Rb8
39. Kc7 Rf8 40. Kd7 h4 41. Rb4 Ra8 42. a4 Kf8 43. a5 Nf5 44. Bxf5 exf5 45.
e6 Ra7+ 46. Kd6 Kg7 47. Rb8 Ra6+ 48. Ke5 Ra7 49. Kxf5 g4 50. a6 gxh3 51.
Rb7+ Kh6 52. e7 Ra8 53. a7 h2 54. Rb1 Kg7 55. Ke6 Kg6 56. Rh1 Kg5 57. Rxh2
Kg4 58. Rb2 h3 59. Rb8 h2 60. e8=Q h1=Q 61. Qg6+ Kf3 62. Rxa8 1-0

[Event "61st ch-RUS HL w"]
[Site "Taganrog RUS"]
[Date "2011.06.15"]
[Round "1"]
[White "Petrova,O"]
[Black "Bodnaruk,A"]
[Result "0-1"]
[WhiteElo "2256"]
[BlackElo "2419"]
[EventDate "2011.06.15"]

1. e4 c5 2. Nf3 d6 3. d4 cxd4 4. Nxd4 Nf6 5. Nc3 a6 6. Be2 e5 7. Nb3 Be7 8.
Be3 Be6 9. Nd5 Nbd7 10. Qd3 Bxd5 11. exd5 Rc8 12. c4 O-O 13. O-O a5 14. Qd2
b6 15. Rac1 Ne4 16. Qe1 f5 17. f4 g6 18. Bf3 Ndf6 19. Kh1 Re8 20. Nd2 exf4
21. Bxf4 Bf8 22. Qh4 Be7 23. Qh3 Nc5 24. Bd1 Nfe4 25. Nxe4 Nxe4 26. Ba4 Rf8
27. Bh6 Bg5 28. Bxg5 Qxg5 29. Rc2 Rc7 30. Bc6 Re7 31. a3 Nd2 32. Rd1 Re3
33. g3 Ne4 34. Rg1 f4 35. Rf1 f3 36. b4 f2 37. Kg2 Kh8 38. c5 Re1 39. Bb5
Qxd5 40. Bc4 Rxf1 0-1

[Event "61st ch-RUS HL w"]
[Site "Taganrog RUS"]
[Date "2011.06.15"]
[Round "1"]
[White "Gunina,V"]
[Black "Ivkina,O"]
[Result "1-0"]
[WhiteElo "2487"]
[BlackElo "2294"]
[EventDate "2011.06.15"]

1. d4 Nf6 2. Nf3 g6 3. c4 Bg7 4. g3 d6 5. Bg2 O-O 6. O-O Nc6 7. Nc3 a6 8.
b3 Rb8 9. e3 Bg4 10. h3 Bd7 11. Bb2 e5 12. d5 e4 13. Nd2 Ne5 14. Rb1 Qc8
15. Kh2 Bg4 16. hxg4 Nfxg4+ 17. Kg1 Qf5 18. Bh3 Qh5 19. Kg2 f5 20. Rh1 Qg5
21. Bxg4 Nxg4 22. Ne2 Be5 23. Nf4 Qf6 24. Bxe5 Qxe5 25. Ne6 Rf7 26. Nf1 c6
27. Qd4 Qxd4 28. Nxd4 cxd5 29. cxd5 Nf6 30. Nd2 Nxd5 31. Nc4 b5 32. Na5 Rc8
33. Rbc1 Rfc7 34. Rc6 Rxc6 35. Ndxc6 Kf7 36. Rxh7+ Kf6 37. Ra7 g5 38. Rd7
Ke6 39. Rh7 Nc3 40. Nd4+ Kf6 41. Rh6+ Kf7 42. Nxf5 Rc5 43. Nb7 Rd5 44.
Nbxd6+ 1-0

[Event "61st ch-RUS HL w"]
[Site "Taganrog RUS"]
[Date "2011.06.15"]
[Round "1"]
[White "Kovalevskaya,E"]
[Black "Severiukhina,Z"]
[Result "1-0"]
[WhiteElo "2427"]
[BlackElo "2291"]
[EventDate "2011.06.15"]

1. c4 e5 2. Nc3 Nc6 3. Nf3 Nf6 4. e3 Bb4 5. Qc2 O-O 6. Nd5 Re8 7. Ng5 g6 8.
Nxb4 Nxb4 9. Qb3 c5 10. d3 d5 11. cxd5 Qxd5 12. Qxd5 Nfxd5 13. Kd2 f5 14.
a3 Nc6 15. Kc2 Nf6 16. Bd2 h6 17. Nf3 Be6 18. Be2 a5 19. Rac1 a4 20. Kb1
Nd7 21. h3 b5 22. d4 c4 23. dxe5 Bd5 24. Nd4 Ndxe5 25. Nxb5 Bxg2 26. Rhg1
Be4+ 27. Ka1 Red8 28. Bc3 Kh7 29. Bxe5 Nxe5 30. f4 Rab8 31. Nd4 Nc6 32.
Rxc4 Nxd4 33. exd4 Rd7 34. Rxa4 Rb3 35. h4 Rdb7 36. Ba6 Rc7 37. Bc4 Rf3 38.
d5 Rxf4 39. d6 Rb7 40. Be6 Rf2 41. Rd4 1-0

[Event "61st ch-RUS HL w"]
[Site "Taganrog RUS"]
[Date "2011.06.15"]
[Round "1"]
[White "Balaian,Ali"]
[Black "Matveeva,S"]
[Result "0-1"]
[WhiteElo "2163"]
[BlackElo "2380"]
[EventDate "2011.06.15"]

1. e4 e6 2. d4 d5 3. Nc3 Nf6 4. exd5 exd5 5. Bf4 Bb4 6. Bd3 O-O 7. Nge2 c5
8. dxc5 Bxc5 9. O-O Nc6 10. Ng3 Be6 11. a3 a6 12. Qd2 Ng4 13. Rae1 Qd7 14.
h3 Nf6 15. Bh6 Ne8 16. Nh5 f6 17. Bxg7 Nxg7 18. Rxe6 Nxe6 19. Nxd5 Bd4 20.
Qh6 f5 21. Bc4 Kh8 22. Re1 Rae8 23. Rd1 Bg7 24. Qc1 Ned4 25. c3 Qxd5 26.
Rxd4 Nxd4 0-1

[Event "61st ch-RUS HL w"]
[Site "Taganrog RUS"]
[Date "2011.06.15"]
[Round "1"]
[White "Romanko,M"]
[Black "Travkina,A"]
[Result "1/2-1/2"]
[WhiteElo "2387"]
[BlackElo "2176"]
[EventDate "2011.06.15"]

1. d4 Nf6 2. c4 e6 3. Nc3 Bb4 4. Qc2 O-O 5. a3 Bxc3+ 6. Qxc3 d5 7. Nf3 dxc4
8. Qxc4 b6 9. Bg5 Ba6 10. Qa4 Qd7 11. Qc2 Nc6 12. Bxf6 gxf6 13. e3 Bxf1 14.
Kxf1 Ne7 15. g3 c5 16. dxc5 Rac8 17. Qe4 Rxc5 18. Kg2 f5 19. Qb1 Qb7 20. b4
Rc4 21. Rc1 Rxc1 22. Qxc1 Ng6 23. Qc3 f6 24. Re1 Ne5 25. e4 fxe4 26. Nxe5
fxe5 27. Kg1 Qf7 28. Qc2 Qf5 29. Rxe4 Rd8 30. Qe2 Rd5 31. Rg4+ Kf7 32. Rc4
Ke7 33. Kg2 Rd4 34. Rc7+ Rd7 35. Rc3 e4 36. Re3 Rd4 37. Rc3 Rd3 38. Rc7+
Kd6 39. Rxa7 Qf3+ 40. Qxf3 exf3+ 41. Kh3 Rd2 42. g4 Rxf2 43. Kg3 Rg2+ 44.
Kxf3 Rxh2 45. a4 Rb2 46. b5 Rb4 47. Kg3 e5 48. Rb7 Rxa4 49. Rxb6+ Kc5 50.
Re6 Kd5 51. Rh6 Rb4 52. b6 Rb3+ 53. Kh4 e4 1/2-1/2

[Event "61st ch-RUS HL w"]
[Site "Taganrog RUS"]
[Date "2011.06.15"]
[Round "1"]
[White "Kovanova,B"]
[Black "Kindinova,E"]
[Result "1/2-1/2"]
[WhiteElo "2361"]
[BlackElo "2159"]
[EventDate "2011.06.15"]

1. e4 c5 2. Nf3 e6 3. d3 Nc6 4. g3 g6 5. Bg2 Bg7 6. O-O Nge7 7. c3 O-O 8.
d4 cxd4 9. cxd4 Qb6 10. d5 Bxb2 11. Bxb2 Qxb2 12. Nbd2 Ne5 13. Nxe5 Qxe5
14. Re1 Qg7 15. Rc1 Rb8 16. Qa4 Ra8 17. Nc4 Qd4 18. Qa3 exd5 19. exd5 Nf5
20. Red1 Qf6 21. d6 Nd4 22. Rd2 Re8 23. Kf1 Nc6 24. Nb6 Qg5 25. Nc4 b5 26.
Rd5 Qg4 27. Ne3 Qa4 28. Qxa4 bxa4 29. Kg1 Ba6 30. Rd2 Bb5 31. Nd5 Red8 32.
Nc7 Rab8 33. Nxb5 Rxb5 34. Bxc6 dxc6 35. Rxc6 Rb6 36. Rc4 Rbxd6 37. Rxd6
Rxd6 38. Rxa4 Rd7 39. h4 Kg7 40. Ra6 Kh6 41. Kg2 Kg7 42. Kf3 Re7 43. Kf4 h6
44. f3 Kh7 45. a4 Kg7 46. a5 Kh7 47. Rd6 Kg7 48. g4 Kh7 49. Rd8 Kg7 50. g5
hxg5+ 51. hxg5 Re6 52. Rd7 Ra6 53. Rd5 Re6 54. Re5 Rc6 55. Rb5 Re6 56. Kg4
Rc6 57. f4 Rd6 58. Kf3 Rc6 59. Ke4 Rc4+ 60. Ke5 Ra4 61. Rd5 Rb4 62. a6 Ra4
63. Rd6 Ra5+ 64. Ke4 Ra4+ 65. Ke3 Ra3+ 66. Kd2 Kf8 67. Kc2 Ke7 68. Rc6 Kf8
69. Rf6 Ke7 70. Rc6 1/2-1/2

[Event "61st ch-RUS HL w"]
[Site "Taganrog RUS"]
[Date "2011.06.15"]
[Round "1"]
[White "Ivakhinova,I"]
[Black "Zizlova,S"]
[Result "0-1"]
[WhiteElo "2326"]
[BlackElo "2149"]
[EventDate "2011.06.15"]

1. d4 Nf6 2. c4 c5 3. d5 e6 4. Nc3 exd5 5. cxd5 d6 6. e4 g6 7. h3 Bg7 8.
Nf3 O-O 9. Bg5 Qa5 10. Bd3 c4 11. Bc2 Re8 12. O-O b5 13. a3 Nbd7 14. Qd2
Qb6 15. Rfe1 Nc5 16. Bh6 a5 17. Bxg7 Kxg7 18. Qd4 Rb8 19. Rad1 Ba6 20. g4
h6 21. h4 Nd3 22. Bxd3 Qxd4 23. Nxd4 cxd3 24. Nc6 b4 25. Nxb8 Rxb8 26. axb4
axb4 27. Na2 Nxg4 28. f4 g5 29. hxg5 hxg5 30. fxg5 Kg6 31. Rd2 Ne5 32. Rf1
Bc4 33. Nc1 b3 34. Rf6+ Kxg5 35. Rf5+ Kh6 36. Rg2 Rg8 37. Rxg8 d2 38. Rg2
dxc1=Q+ 39. Kh2 Qd1 0-1

[Event "61st ch-RUS HL w"]
[Site "Taganrog RUS"]
[Date "2011.06.15"]
[Round "1"]
[White "Severina,M"]
[Black "Charochkina,D"]
[Result "0-1"]
[WhiteElo "2104"]
[BlackElo "2320"]
[EventDate "2011.06.15"]

1. d4 g6 2. c4 Bg7 3. Nc3 c5 4. Nf3 cxd4 5. Nxd4 Nc6 6. e3 Nf6 7. Be2 O-O
8. O-O d6 9. Rb1 Bd7 10. b3 a6 11. Bb2 Nxd4 12. exd4 b5 13. Bf3 Rc8 14.
cxb5 axb5 15. a3 Qb6 16. Re1 Rfe8 17. Qd2 Be6 18. Ba1 Qa5 19. a4 b4 20. Na2
Rb8 21. Bc6 Rec8 22. Bb5 Rxb5 23. axb5 Nd5 24. Rbc1 Ra8 25. b6 Qxb6 26. Rc4
Qa5 27. Nxb4 Nxb4 28. Rxb4 Qxa1 29. Rb8+ Bf8 30. Rxa8 Qxa8 31. b4 Bd5 32.
f3 Qa7 33. Kh1 Bg7 34. Rd1 Bb3 35. Rb1 Bxd4 36. h4 Bc4 37. b5 Qb6 38. Qb4
Bd3 39. Rd1 Bc5 40. Qb3 Bf5 41. Re1 Bd7 42. Rb1 e5 43. Qa4 Qd8 44. g3 Qf6
45. Qe4 d5 46. Qe2 Qf5 47. Rc1 Bxb5 48. Qg2 Be3 49. Ra1 d4 50. Kh2 Bc6 51.
Rf1 d3 0-1

[Event "61st ch-RUS HL w"]
[Site "Taganrog RUS"]
[Date "2011.06.15"]
[Round "1"]
[White "Tomilova,E"]
[Black "Goryachkina,A"]
[Result "1/2-1/2"]
[WhiteElo "2317"]
[BlackElo "2103"]
[EventDate "2011.06.15"]

1. d4 d5 2. Nf3 Nf6 3. Bf4 c5 4. e3 Nc6 5. dxc5 e6 6. c3 Bxc5 7. Nbd2 O-O
8. Bd3 b6 9. Qe2 Bb7 10. Ne5 Nxe5 11. Bxe5 Nd7 12. Bg3 e5 13. Bb5 f6 14. e4
a6 15. Ba4 Kh8 16. Rd1 Qc7 17. O-O b5 18. Bb3 d4 19. cxd4 Bxd4 20. Nf3 Ba7
21. Nh4 Nc5 22. Bc2 g6 23. Qg4 Bc8 24. Qe2 Ne6 25. Qd2 Nd4 26. Qh6 Kg8 27.
Rxd4 Bxd4 28. Bb3+ Rf7 29. Nxg6 hxg6 30. Qxg6+ Kf8 31. Rd1 Qe7 32. Rxd4 Be6
33. Qh6+ Ke8 34. Rd5 Qf8 35. Qe3 Bxd5 36. Bxd5 Rc8 37. Bxf7+ Qxf7 38. h4
Qc7 39. Qf3 Ke7 40. Qa3+ Qd6 41. Qe3 Qc5 42. Qe2 Qc1+ 43. Kh2 Rd8 44. Qg4
Qc4 45. b3 Qe6 46. Qe2 Qd6 47. Qg4 Qd7 48. Qg7+ Ke6 49. Qg4+ Kd6 50. Qg6
Qe6 51. f4 Rg8 52. fxe5+ fxe5 53. Qh5 Rg4 54. Qh8 Rg8 55. Qh5 Rg4 56. Qh8
Rxe4 57. Qd8+ Qd7 58. Qf6+ Qe6 59. Qd8+ Qd7 60. Qf6+ Kd5 61. h5 Qe6 62.
Qd8+ Kc5 63. Bf2+ Rd4 64. Bxd4+ exd4 65. Qg5+ Kc6 66. h6 d3 67. h7 Qd6+ 68.
g3 d2 69. h8=Q d1=Q 70. Qc3+ Kb7 71. Qgg7+ Qd7 72. Qxd7+ Qxd7 73. Kg2 Kb8
74. Qe5+ Kc8 75. Qc5+ Kb7 76. Qe3 Kc8 77. Qc1+ Kb7 78. b4 Qd5+ 79. Kh3 Qxa2
80. Qc5 Qc4 81. Qe7+ Qc7 82. Qe4+ Qc6 83. Qh7+ Kb6 84. Qe7 Qh1+ 85. Kg4
Qd1+ 86. Kf4 Qf1+ 87. Kg5 Qc1+ 88. Kh5 Qh1+ 89. Kg5 Qc1+ 90. Kh5 Qh1+ 91.
Kg4 Qd1+ 92. Kh4 Qh1+ 93. Kg4 Qd1+ 94. Kg5 Qc1+ 95. Kh5 1/2-1/2

[Event "61st ch-RUS HL w"]
[Site "Taganrog RUS"]
[Date "2011.06.15"]
[Round "1"]
[White "Kostrikina,A"]
[Black "Pustovoitova,D"]
[Result "1/2-1/2"]
[WhiteElo "2072"]
[BlackElo "2306"]
[EventDate "2011.06.15"]

1. e4 c6 2. d4 d5 3. exd5 cxd5 4. c3 Qc7 5. Nf3 Nc6 6. Bd3 Bg4 7. O-O e6 8.
h3 Bh5 9. Bg5 f6 10. Be3 Bd6 11. c4 Nge7 12. Nc3 a6 13. a3 O-O 14. Rc1 Rad8
15. Re1 Kh8 16. cxd5 exd5 17. Na4 Rfe8 18. Nc5 Qc8 19. b4 Bb8 20. b5 axb5
21. Bxb5 Qc7 22. g4 Bf7 23. Nd3 Ng6 24. Nb4 Re6 25. Bxc6 bxc6 26. Na6 Qa7
27. Nxb8 Rxb8 28. a4 Be8 29. Ra1 Bd7 30. a5 Ree8 31. Qd2 Ra8 32. Reb1 f5
33. g5 f4 34. Bxf4 Rf8 35. Bd6 Rxf3 36. a6 Bc8 37. Qe2 Qf7 38. Rb8 Rxb8 39.
Bxb8 h6 40. a7 Bb7 41. a8=Q Bxa8 42. Rxa8 Qb7 43. Qxf3 Qxa8 1/2-1/2

[Event "61st ch-RUS HL w"]
[Site "Taganrog RUS"]
[Date "2011.06.16"]
[Round "2"]
[White "Matveeva,S"]
[Black "Gunina,V"]
[Result "0-1"]
[WhiteElo "2380"]
[BlackElo "2487"]
[EventDate "2011.06.15"]

1. d4 d5 2. c4 c6 3. Nc3 dxc4 4. e4 b5 5. a4 b4 6. Nce2 e6 7. Nf3 Nf6 8.
Ng3 Ba6 9. Bg5 Be7 10. Rc1 c3 11. bxc3 Bxf1 12. Kxf1 bxc3 13. Rxc3 O-O 14.
Ke2 Qa5 15. Qd3 Na6 16. Ra1 Rfd8 17. Rxc6 Nb4 18. Bd2 Rab8 19. Rc4 Nd7 20.
Bxb4 Bxb4 21. Rc2 h6 22. Kf1 Bd6 23. Ne2 Rb4 24. Nc3 Nb6 25. g3 Be7 26. Kg2
Bf6 27. Rd1 Rb3 28. Nd2 Rb4 29. Nf3 Rc4 30. Nb5 Rxa4 31. e5 Be7 32. Rc7 a6
33. Nc3 Ra3 34. Rxe7 Rxc3 35. Qe2 Qd5 36. Ra7 Nc4 37. Rc7 Rb8 38. Kg1 g6
39. Rc5 Rb2 40. Rxd5 Rxe2 41. Rd8+ Kg7 42. Ne1 Nb2 43. Rb1 Rd2 44. Ra1 g5
45. Ra8 Nd1 46. R8xa6 Nxf2 47. Rd6 Nh3+ 48. Kh1 Rf2 49. Rd7 g4 50. Ng2 Rcc2
0-1

[Event "61st ch-RUS HL w"]
[Site "Taganrog RUS"]
[Date "2011.06.16"]
[Round "2"]
[White "Zaiatz,E"]
[Black "Ambartsumova,K"]
[Result "1-0"]
[WhiteElo "2430"]
[BlackElo "2303"]
[EventDate "2011.06.15"]

1. d4 d5 2. c4 e6 3. Nc3 Be7 4. cxd5 exd5 5. Bf4 c6 6. e3 Bd6 7. Bg3 Ne7 8.
Bd3 Bf5 9. Be2 O-O 10. Nf3 Nc8 11. Nh4 Be6 12. Bd3 g6 13. Nf3 Nd7 14. Ne5
Nxe5 15. dxe5 Be7 16. h4 h5 17. Qc2 Kg7 18. Ne2 Bb4+ 19. Kf1 Ne7 20. Nd4
Qd7 21. Bf4 Ng8 22. f3 Be7 23. Kf2 c5 24. Nxe6+ Qxe6 25. g4 hxg4 26. Rag1
c4 27. Be2 f5 28. fxg4 fxg4 29. Bxg4 Qb6 30. Bf5 Bxh4+ 31. Rxh4 Ne7 32.
Bxg6 Nxg6 33. Rhg4 1-0

[Event "61st ch-RUS HL w"]
[Site "Taganrog RUS"]
[Date "2011.06.16"]
[Round "2"]
[White "Vasilevich,I"]
[Black "Kovalevskaya,E"]
[Result "1/2-1/2"]
[WhiteElo "2342"]
[BlackElo "2427"]
[EventDate "2011.06.15"]

1. e4 c5 2. Nf3 d6 3. d4 cxd4 4. Qxd4 Bd7 5. c4 Nc6 6. Qe3 Nf6 7. Nc3 g6 8.
h3 Bg7 9. Be2 O-O 10. O-O Rc8 11. Rb1 Nh5 12. Rd1 f5 13. c5 Qe8 14. cxd6
exd6 15. Rxd6 Kh8 16. Ng5 Nf6 17. Qg3 h6 18. Qh4 Rd8 19. Bc4 Ne5 20. Bb3
Qe7 21. Rxf6 Qxf6 22. Nd5 Qa6 23. Bf4 Nc6 24. Nc7 Qe2 25. Rd1 fxe4 26. Bd6
Rxf2 27. Qxf2 Qxf2+ 28. Kxf2 hxg5 29. Ke3 Bxb2 30. Bd5 Bf6 31. Bxe4 Bf5 32.
Bxc6 bxc6 33. g4 Bc8 34. Rd2 Kg8 35. a4 Kf7 36. a5 Bc3 37. Rf2+ Kg8 38. Be7
Bd4+ 39. Ke4 Bxf2 40. Bxd8 Bg3 41. Kd4 Bxc7 42. Ke4 1/2-1/2

[Event "61st ch-RUS HL w"]
[Site "Taganrog RUS"]
[Date "2011.06.16"]
[Round "2"]
[White "Bodnaruk,A"]
[Black "Belenkaya,D"]
[Result "1-0"]
[WhiteElo "2419"]
[BlackElo "2198"]
[EventDate "2011.06.15"]

1. e4 e5 2. Nf3 Nf6 3. Nxe5 d6 4. Nf3 Nxe4 5. d4 d5 6. Bd3 Nc6 7. O-O Bg4
8. c4 Nf6 9. Be3 Be7 10. c5 Ne4 11. Be2 O-O 12. Ne1 Bxe2 13. Qxe2 f5 14. f4
b6 15. cxb6 cxb6 16. Nf3 Rc8 17. Nbd2 Na5 18. Rac1 Qd6 19. Ne5 Rc7 20. Nxe4
fxe4 21. Rxc7 Qxc7 22. Qb5 Qb7 23. Rc1 Rd8 24. b4 a6 25. Qa4 Nc4 26. Nxc4
dxc4 27. b5 axb5 28. Qxb5 Qd5 29. Qxd5+ Rxd5 30. Rxc4 b5 31. Rc7 Kf7 32.
Kf2 Ke6 33. g4 g6 34. h3 Kd6 35. Ra7 Ke6 36. Ke2 h5 37. Ra6+ Kf7 38. g5 Bd8
39. Kd2 Be7 40. Kc3 Bd8 41. a4 bxa4 42. Rxa4 Ba5+ 43. Kc4 Ke6 44. Ra1 Kd6
45. Rb1 Bc7 46. Rb5 Rxb5 47. Kxb5 Bd8 48. Kc4 Bb6 49. Bf2 Ba5 50. Bg3 Ke6
51. d5+ Kf5 52. d6 e3 53. Kd5 h4 54. Bxh4 Kxf4 55. d7 Bd8 56. Ke6 e2 57.
Kf7 Kf5 58. Kf8 Bc7 59. Ke7 Bb6 60. d8=Q Bxd8+ 61. Kxd8 e1=Q 62. Bxe1 Kxg5
63. Ke7 Kf5 64. Kf7 Kg5 65. Kg7 Kh5 66. Kf6 Kh6 67. h4 Kh5 68. Bf2 Kh6 69.
Be3+ Kh7 70. Bg5 Kh8 71. Kxg6 Kg8 72. Bf6 Kf8 73. h5 1-0

[Event "61st ch-RUS HL w"]
[Site "Taganrog RUS"]
[Date "2011.06.16"]
[Round "2"]
[White "Zizlova,S"]
[Black "Girya,O"]
[Result "1/2-1/2"]
[WhiteElo "2149"]
[BlackElo "2394"]
[EventDate "2011.06.15"]

1. e4 c6 2. d4 d5 3. exd5 cxd5 4. c4 Nf6 5. Nc3 Nc6 6. Nf3 Bg4 7. cxd5 Nxd5
8. Qb3 Bxf3 9. gxf3 e6 10. Qxb7 Nxd4 11. Bb5+ Nxb5 12. Qc6+ Ke7 13. Qxb5
Qd7 14. Nxd5+ Qxd5 15. Bg5+ f6 16. Qxd5 exd5 17. Be3 Ke6 18. O-O-O Bb4 19.
a3 Rhc8+ 20. Kb1 Bc5 21. Rhe1 Bxe3 22. Rxe3+ Kd6 23. Rde1 Rc4 24. Re7 Rh4
25. R1e6+ Kc5 26. Rxg7 Rxh2 27. Rxf6 Rxf2 28. Rxh7 Rb8 29. b4+ Kc4 30. f4
a5 31. Rc6+ Kd4 32. Rh4 axb4 33. f5+ Ke5 34. Rxb4 Ra8 35. a4 Kxf5 36. Rc5
Ke5 37. a5 Rg8 38. a6 Rg1+ 39. Rc1 Ra2 40. Rb6 Rxc1+ 41. Kxc1 d4 42. Kb1
Ra5 43. Kc2 Kd5 44. Rh6 Kc4 45. Rc6+ Kb5 46. Rd6 Rxa6 47. Rxd4 1/2-1/2

[Event "61st ch-RUS HL w"]
[Site "Taganrog RUS"]
[Date "2011.06.16"]
[Round "2"]
[White "Pustovoitova,D"]
[Black "Bukhteeva,V"]
[Result "1/2-1/2"]
[WhiteElo "2306"]
[BlackElo "2178"]
[EventDate "2011.06.15"]

1. e4 c5 2. Nf3 d6 3. c3 Nf6 4. h3 Nc6 5. Bd3 g6 6. O-O Bg7 7. Bc2 e5 8. d4
exd4 9. cxd4 cxd4 10. Nxd4 O-O 11. Be3 d5 12. Nxc6 bxc6 13. e5 Ne4 14. f4
Ng3 15. Rf3 Nf5 16. Bc5 Re8 17. Ba4 Bd7 18. Nc3 f6 19. exf6 Bxf6 20. Rc1
Kh8 21. b4 a6 22. Ne2 Re4 23. Bc2 Rc4 24. g4 Nh4 25. Re3 a5 26. Bb3 Rxc1
27. Qxc1 axb4 28. Bxb4 d4 29. Rd3 Qe8 30. Qf1 c5 31. Bxc5 Bb5 32. Bxd4
Bxd4+ 33. Rxd4 Bxe2 34. Qf2 Qe7 35. Bd5 Rc8 36. Re4 Rc1+ 37. Kh2 Nf3+ 38.
Kg2 Nh4+ 39. Kh2 Nf3+ 40. Kg2 Nh4+ 41. Kh2 Nf3+ 1/2-1/2

[Event "61st ch-RUS HL w"]
[Site "Taganrog RUS"]
[Date "2011.06.16"]
[Round "2"]
[White "Kindinova,E"]
[Black "Romanko,M"]
[Result "0-1"]
[WhiteElo "2159"]
[BlackElo "2387"]
[EventDate "2011.06.15"]

1. e4 c6 2. d4 d5 3. e5 Bf5 4. Nd2 e6 5. Nb3 Nd7 6. Nf3 Ne7 7. Be2 Nc8 8.
O-O Be7 9. Bd2 O-O 10. Rc1 Ncb6 11. Na5 Qc7 12. Ne1 Na4 13. Rb1 c5 14. Bb5
Nab6 15. dxc5 Bxc5 16. Qe2 Nxe5 17. Bf4 Bd6 18. Nxb7 Nf3+ 19. Qxf3 Bxf4 20.
Na5 Bxh2+ 21. Kh1 Bd6 22. Bd3 Bxd3 23. cxd3 f5 24. g3 f4 25. g4 Nd7 26. Nb3
Ne5 27. Qh3 Rf6 28. g5 Rg6 29. Rg1 Nf7 30. Nf3 e5 31. Nbd2 Re8 32. Rbe1 Bb4
33. Qh5 Qd8 34. Re2 Bxd2 35. Rxd2 Ree6 36. Rdd1 Nxg5 0-1

[Event "61st ch-RUS HL w"]
[Site "Taganrog RUS"]
[Date "2011.06.16"]
[Round "2"]
[White "Goryachkina,A"]
[Black "Kovanova,B"]
[Result "1/2-1/2"]
[WhiteElo "2103"]
[BlackElo "2361"]
[EventDate "2011.06.15"]

1. d4 c5 2. d5 e5 3. e4 d6 4. Nc3 g6 5. Nf3 Bg7 6. Bc4 a6 7. a4 Nh6 8. O-O
f6 9. Ne1 O-O 10. Nd3 f5 11. f3 f4 12. Rb1 g5 13. Nf2 Nd7 14. g4 Nf7 15.
Bd2 b6 16. Qe2 Qc7 17. Kg2 Nf6 18. b4 Nd7 19. b5 a5 20. Rh1 Bf6 21. Rbg1 h6
22. Kf1 Kg7 23. Ke1 Rh8 24. Kd1 Nf8 25. Be1 Ng6 26. Kc1 Bd7 27. Kb2 Rh7 28.
Qf1 Rah8 29. h3 Kf8 30. Nd3 Ke7 31. Ka2 h5 32. Kb2 Qd8 33. Kc1 Rh6 34. Kb2
R8h7 35. Nf2 Qh8 36. Be2 Nh4 37. Kc1 Qc8 38. Nfd1 Ng6 39. Bc4 Qh8 40. Nf2
Qc8 41. Nfd1 Qh8 42. Nf2 Qc8 1/2-1/2

[Event "61st ch-RUS HL w"]
[Site "Taganrog RUS"]
[Date "2011.06.16"]
[Round "2"]
[White "Travkina,A"]
[Black "Tomilova,E"]
[Result "1/2-1/2"]
[WhiteElo "2176"]
[BlackElo "2317"]
[EventDate "2011.06.15"]

1. e4 c5 2. c3 d5 3. exd5 Qxd5 4. d4 Nf6 5. Nf3 e6 6. Be2 cxd4 7. cxd4 Nc6
8. Nc3 Qd6 9. O-O Be7 10. Bg5 O-O 11. Qd2 b6 12. Bf4 Qd8 13. Rfd1 Nb4 14.
Ne5 Bb7 15. Rac1 Nbd5 16. Bf3 a6 17. Nxd5 Bxd5 18. Nc6 Qd7 19. Nxe7+ Qxe7
20. Rc7 Qd8 21. Rc3 Bxf3 22. Rxf3 Nd5 23. Rg3 Ra7 24. Bh6 f6 25. Qe2 Kh8
26. Bd2 Qd7 27. Re1 Re8 28. Rh3 Qf7 29. Qe4 g6 30. Rc1 Kg8 31. Rg3 Rd7 32.
h4 f5 33. Qe5 Nf6 34. Rb3 Ng4 35. Qf4 Red8 36. Bc3 b5 37. Re1 Rd5 38. a4
Qd7 39. axb5 axb5 40. Qg5 Kf7 41. f3 Nf6 42. Ra3 Qb7 43. Rea1 Qe7 44. Ba5
Ra8 45. Bb6 Rxa3 46. Rxa3 Qe8 47. Qh6 b4 48. Ra7+ Rd7 49. Rxd7+ Qxd7 50.
Bc5 Qd8 51. Kh1 b3 52. Qe3 Qb8 53. Qh6 Qa8 54. Kh2 Kg8 55. Qe3 Qd5 56. Qh6
Qd8 57. Qe3 Qb8+ 58. Kg1 Kf7 59. Qh6 Qa8 60. Kh2 Qc8 61. Kh1 Qe8 62. Kg1
Qb8 63. Kh1 f4 64. Kh2 Kg8 65. Qg5 Nd5 66. h5 Kg7 67. h6+ Kf7 68. Qh4 Qc7
69. Qe1 g5 70. Qe4 Nf6 71. Qd3 Qb7 72. Bd6 Kg8 73. Be5 Nd5 74. Qc4 Kf7 75.
Qd3 Nf6 76. Kh1 Qb4 77. Bxf6 Qe1+ 78. Kh2 Qh4+ 79. Kg1 Qe1+ 80. Kh2 Qh4+
1/2-1/2